| 000 | 00317nam a22001217a 4500 | ||
|---|---|---|---|
| 020 | _a9789697120598 | ||
| 082 |
_a620.0018 _bAHM |
||
| 100 | _aAhmad-Aziz, Arshi | ||
| 245 |
_aThe Art of Engineering / _cArshi Ahmad-Aziz |
||
| 260 |
_aLahore : _bDescon, _c2020. |
||
| 300 |
_a393 p. ; _c32 CM. |
||
| 942 |
_2ddc _cBK |
||
| 999 |
_c593154 _d593154 |
||